Digitálne pripravení v ústrety automatizácii

Štvrtá priemyselá revolúcia, zmeny a výzvy pre Slovensko.

Enregistré dans:
Détails bibliographiques
Auteur principal: Jankovič, Patrik, 1992-
Format: Chapitre de livre
Langue:slovaque
Sujets:
Tags: Ajouter un tag
Pas de tags, Soyez le premier à ajouter un tag!

MARC

LEADER 00000nla a2200000 4500
001 0242380
005 20240502073936.9
041 0 |a slo 
044 |a SK 
245 1 0 |a Digitálne pripravení v ústrety automatizácii  |c Patrik Jankovič 
520 |a Štvrtá priemyselá revolúcia, zmeny a výzvy pre Slovensko. 
610 2 0 |a priemysel 4.0 
610 2 0 |a Slovensko 
610 2 0 |a digitalizácia 
610 2 0 |a technológie informačné 
610 2 0 |a technológie komunikačné 
100 1 |a Jankovič, Patrik, 1992-